Science Quiz

Random Science Quiz

Factors of 2,000 Quiz Stats

Quiz not verified by Sporcle

Challenge
Share
Tweet
Embed
Score 0/20 Timer 02:00
0 Plays Today
Factors % Correct
1
100%
2
100%
4
100%
5
100%
8
100%
10
100%
16
93.5%
20
93.5%
40
91.3%
50
91.3%
Factors % Correct
100
91.3%
25
89.1%
200
84.8%
500
84.8%
1000
84.8%
2000
84.8%
80
82.6%
250
82.6%
400
80.4%
125
76.1%

You're not logged in!

Compare scores with friends on all Sporcle quizzes.
Sign Up with Email
OR
Log In

You Might Also Like...

Show Comments

Extras

Top Quizzes Today


Score Distribution

Your Account Isn't Verified!

In order to create a playlist on Sporcle, you need to verify the email address you used during registration. Go to your Sporcle Settings to finish the process.

Report this User

Report this user for behavior that violates our Community Guidelines.

Details: